000 01509nam a2200265Ia 4500
999 _c53832
_d53832
001 20883
003 GE_BSU
005 20200521144659.0
008 181216s2016ge xx |||||||||||||| ||geo||
020 _a9789941938696
040 _cGE_BSU
041 _ageo
080 _a34.096+347 კ-15
245 _aკაზუსის ამოხსნის მეთოდიკა სამოქალაქო სამართალში :
_bთანდართული კაზუსის ნიმუშებით /
_cდიანა ბერეკაშვილი ; მზია თოდუა ; სოფო ჩაჩავა; ზურაბ ძლიერიშვილი ; წინასიტყვაობა: იენს დეპპე, ტერეზა ტალჰამერი .
264 _aთბილისი :
_bბონა კაუზა,
_c2016.
300 _a197გვ .:
_c20 სმ.
526 _aწიგნი გამოცემულია GIZ-ის ფინანსური მხარდაჭერით.
653 _aკაზუსის ამოხსნა სამოქალაქო სამართალში
653 _aსამართალი
700 _aბერეკაშვილი, დიანა
_98150
700 _aთოდუა, მზია
_95328
700 _aჩაჩავა, სოფო
_98151
700 _aძლიერიშვილი, ზურაბ
_98152
942 _cBK
_2udc